| 000 | 00445nam a22001817a 4500 | ||
|---|---|---|---|
| 003 | NUST - PNEC | ||
| 005 | 20170116181022.0 | ||
| 008 | 150915b xxu||||| |||| 00| 0 eng d | ||
| 020 | _a0070435995 | ||
| 040 | _cLIBRARY | ||
| 082 | _a621.3121 NAG | ||
| 100 |
_910723 _aNag, P. K. |
||
| 245 |
_aPower plant engineering _cP. K. Nag |
||
| 250 | _a2nd ed. | ||
| 260 | _cc.2001 | ||
| 650 |
_910724 _aPower (Mechanics) _xME, IME |
||
| 942 |
_2ddc _cBK |
||
| 999 |
_c67452 _d67452 |
||